000 00538nam a2200193Ia 4500
003 OSt
005 20240416103605.0
008 210210b1984 xxu||||| |||| 00| 0 eng d
040 _cAL
041 _aHindi
082 _aH891.3 GUPA
100 _aGUPT (Suresh Chandr).
_dसुरेंद्र गुप्ता
_9160511
245 _aAdarsh kahaniyan.
_bआदर्श कहानियां
260 _aDilli
_bFrenk Bradars
_c1984
300 _a111
690 _aHindi Fiction
_9160512
906 _a036667
942 _2ddc
_cBK
999 _c87008
_d87008